Das Jahr 1995! - Statistiken

Allgemein
  • Dieses Quiz wurde 48 mal gespielt
  • Das Durchschnittsergebnis liegt bei 7 aus 15
Antwortstatistiken
Frage Antwort % Korrekt
Der dritte Teil welcher Filmreihe mit Bruce Willis in der Hauptrolle kommt in die Kinos? Stirb Langsam // Die Hard
86%
Pur veröffentlicht ihr bis her immer noch meistverkauftes Album wie heißt es? Abenteuerland
74%
Die Deutsche Eishockey Liga wurde neu gegründet, wer konnte den ersten Titel gewinnen? Die Kölner Haie
65%
Der kleine Prinz wird das erste mal im Deutschen Fernsehen ausgestrahlt. Aus welchem Land kommt der Schriftsteller der die Geschichte geschrieben hat? Frankreich
63%
Überall in den Discos wird zu "Cotton Eye Joe" getanzt und gefeiert. Wie heißt die Band die den Song veröffentlichte? Rednex
60%
Coolio und Kylian Mash erobern Weltweit die Charts mit Welchem Song? Gangsta's Paradise
56%
Welches Team gewann als erstes Deutsches Team den Korać-Cup? (Europapokal im Basketball) ALBA Berlin
53%
Welcher Film der Pixar Animation Studios ist der erfolgreichste Film des Jahres? Toy Story
53%
MTV Europe Music Awards wurden von Jean Paul Gaultier Moderiert und anderem gewannen U2 und Michael Jackson Preise. Wo fand die Preisverleihung statt? Paris, Le Zénith
42%
Eine der erfolgreichsten Metalbands der Welt wird in Des Moines (Iowa) gegründet. Wie heißt sie? Slipknot
30%
Die Jahreswidmung ist "Internationales Jahr des Gedenkens an die Opfer des _______ _______" ? Zweiten Weltkrieges
28%
Welche Fußball Mannschaft konnte das dritte mal den DFB-Pokal gewinnen? Borussia Mönchengladbach
26%
BackRub wird entwickelt und gilt als Vorläufer von? Google
12%
Während eines Sturms wird in der Nordsee die erste sichere Dokumentierte "Monsterwelle" verzeichnet. Wie Hoch war sie? 26 Meter
9%
In München gehen 20000 Menschen gegen einen Beschluss des Bundesverfassungsgerichts auf die Straße. Wie nennt man diesen bekannten Beschluss? Kruzifix-Beschluss
5%
Keine übereinstimmenden Quizze gefunden
Verteilung der Resultate
Anzahl Personen mit jedem Resultat
Perzentil nach korrekt beantworteten Fragen
Ihre Resultats-Entwicklung
Sie haben dieses Quiz noch nicht gespielt